[Event "SZCZYRK OPEN - TURNIEJ Z OKAZJI SWIETA NIEPODLEGLOSCI - BLITZ 3'+2'' "]
[Site "Szczyrk"]
[Date "2018-11-11"]
[Round "2.8"]
[White "Kordela, Monika"]
[Black "Goluch, Piotr"]
[Result "0-1"]
[WhiteTitle ""]
[BlackTitle ""]
[WhiteElo "1451"]
[BlackElo "2205"]

1. d4 Nf6 2. c4 c5 3. d5 b5 4. cxb5 a6 5. b6 d6 6. Nc3 Nbd7 7. e4 g6 8. f3 Bg7
9. Be3 O-O 10. Qd2 Nxb6 11. g4 h5 12. g5 Nfd7 13. f4 a5 14. Bd3 a4 15. a3 Qc7
16. h4 c4 17. Bc2 Nc5 18. Bxc5 Qxc5 19. Nge2 Bg4 20. Ng3 Bd4 21. f5 Be3 22. Qg2
Bf4 23. Qf2 Be3 24. Qg2 e6 25. dxe6 fxe6 26. f6 Kf7 27. Nd1 Bd4 28. e5 Qxe5+ 29.
Qe4 Qxg3+ 30. Kd2 Ke8 31. Qxd4 Qg2+ 32. Nf2 Nd5 33. Rhg1 Qh2 34. Qxc4 Kd7 35.
Qb5+ Kc7 36. Be4 Qxf2+ 37. Kd3 Be2+ 0-1

[Event "SZCZYRK OPEN - TURNIEJ Z OKAZJI SWIETA NIEPODLEGLOSCI - BLITZ 3'+2'' "]
[Site "Szczyrk"]
[Date "2018-11-11"]
[Round "2.9"]
[White "Duda, Lukasz "]
[Black "Polak, Sylwia"]
[Result "1-0"]
[WhiteTitle ""]
[BlackTitle ""]
[WhiteElo "2201"]
[BlackElo "1432"]

1. e4 c5 2. Nc3 e6 3. d3 a6 4. g3 Qc7 5. Bg2 Nf6 6. h3 Be7 7. f4 d6 8. Nf3 Nbd7
9. O-O O-O 10. Be3 Rb8 11. g4 b5 12. Ne2 Nb6 13. Ng3 Bb7 14. Qe1 Rfc8 15. g5 Ne8
16. f5 f6 17. fxe6 d5 18. Bd2 d4 19. Nf5 Nd6 20. N3h4 fxg5 21. Ba5 Bc6 22. Nxd6
Qxd6 23. Nf5 Qd8 24. Qg3 g6 25. Nh6+ Kg7 26. Ng4 Bd6 27. Rf7+ 1-0

[Event "SZCZYRK OPEN - TURNIEJ Z OKAZJI SWIETA NIEPODLEGLOSCI - BLITZ 3'+2'' "]
[Site "Szczyrk"]
[Date "2018-11-11"]
[Round "2.10"]
[White "Hampel, Anna "]
[Black "Sroka, Janusz"]
[Result "0-1"]
[WhiteTitle ""]
[BlackTitle ""]
[WhiteElo "1426"]
[BlackElo "2133"]

1. e4 d6 2. d4 Nf6 3. Nc3 Nbd7 4. Nf3 e5 5. Bc4 Be7 6. O-O c6 7. dxe5 dxe5 8. h3
Qc7 9. Be3 h6 10. Qd2 Nf8 11. Rad1 b5 12. Bb3 Ng6 13. a3 a5 14. Qd3 Ba6 15. Ne2
Rd8 16. Qc3 b4 17. Qe1 O-O 18. c4 bxa3 19. bxa3 Bxa3 20. Ng3 Bb4 21. Qe2 Rfe8
22. Qb2 Nd7 23. Nf5 Nc5 24. Ba2 Nxe4 25. Bb1 Nc3 26. Rxd8 Qxd8 27. Qb3 Qf6 28.
Bd2 e4 29. Bxc3 Bxc3 30. Ne3 exf3 0-1

[Event "SZCZYRK OPEN - TURNIEJ Z OKAZJI SWIETA NIEPODLEGLOSCI - BLITZ 3'+2'' "]
[Site "Szczyrk"]
[Date "2018-11-11"]
[Round "2.11"]
[White "Korbal, Arkadiusz"]
[Black "Wydmanski, Szymon"]
[Result "1-0"]
[WhiteTitle ""]
[BlackTitle ""]
[WhiteElo "2099"]
[BlackElo "1165"]

1. d4 Nf6 2. c4 g6 3. Nc3 d5 4. cxd5 Nxd5 5. e4 Nxc3 6. bxc3 c5 7. Nf3 Bg7 8. Rb1
Nc6 9. d5 Bxc3+ 10. Bd2 Bxd2+ 11. Qxd2 Nb4 12. a3 Na6 13. h4 h5 14. Bc4 Nc7 15.
e5 O-O 16. Ng5 Rb8 17. a4 a6 18. a5 Ne8 19. O-O b5 20. axb6 Rxb6 21. Qe3 Qc7 22.
e6 f6 23. Nf7 Nd6 24. Nxd6 exd6 25. Rxb6 Qxb6 26. Qh6 Qc7 27. Qxg6+ Qg7 28. Qxh5
Bb7 29. Rb1 Ba8 30. Bd3 Rd8 1-0

[Event "SZCZYRK OPEN - TURNIEJ Z OKAZJI SWIETA NIEPODLEGLOSCI - BLITZ 3'+2'' "]
[Site "Szczyrk"]
[Date "2018-11-11"]
[Round "2.12"]
[White "Krupinski, Mikolaj "]
[Black "Chylewski, Patryk"]
[Result "0-1"]
[WhiteTitle ""]
[BlackTitle ""]
[WhiteElo "1414"]
[BlackElo "2097"]

1. e4 c5 2. Nc3 Nc6 3. g3 g6 4. Bg2 Bg7 5. d3 e6 6. f4 Nge7 7. Nf3 O-O 8. Be3 Nd4
9. O-O Rb8 10. Bf2 d6 11. g4 f5 12. exf5 gxf5 13. g5 b5 14. Nxd4 cxd4 15. Ne2
e5 16. fxe5 dxe5 17. Ng3 Be6 18. Nh5 Bh8 19. Qe2 Nd5 20. Bxd4 Bf7 21. Bc5 Re8
22. Ng3 Nf4 23. Qd2 Nxg2 24. Kxg2 Qd5+ 25. Kg1 Qxc5+ 26. Kh1 Bd5+ 27. Ne4 fxe4
28. h4 e3+ 29. Qg2 Bxg2+ 30. Kxg2 Qxc2+ 31. Kg3 Rf8 32. Rxf8+ Rxf8 33. Kg4 Qg2+
34. Kh5 Qf3+ 35. Kh6 Bg7# 0-1

[Event "SZCZYRK OPEN - TURNIEJ Z OKAZJI SWIETA NIEPODLEGLOSCI - BLITZ 3'+2'' "]
[Site "Szczyrk"]
[Date "2018-11-11"]
[Round "2.13"]
[White "Cichon, Michal "]
[Black "Malik, Maciej"]
[Result "1-0"]
[WhiteTitle ""]
[BlackTitle ""]
[WhiteElo "2023"]
[BlackElo "1407"]

1. e4 d6 2. Nf3 Nf6 3. Nc3 g6 4. d4 Bg7 5. Be2 O-O 6. O-O c6 7. h3 b5 8. a3 Qc7
9. Be3 a6 10. Qd2 Re8 11. Bh6 Bh8 12. Rad1 Nbd7 13. Rfe1 Bb7 14. Bf1 e5 15. dxe5
Nxe5 16. Nxe5 dxe5 17. Qe3 c5 18. f3 Rad8 19. Bg5 Rd4 20. Ne2 Rdd8 21. Nc3 Rd4
22. Ne2 Rdd8 23. b3 Bg7 24. Bh6 Bh8 25. Bg5 Bg7 26. Nc3 Rd4 27. Bxf6 Bxf6 28.
Nd5 Bxd5 29. exd5 Qd6 30. c4 e4 31. Kh1 bxc4 32. Bxc4 Kg7 33. Qe2 a5 34. Rxd4
Bxd4 35. fxe4 Qf4 36. Qf3 Qd2 37. Rf1 Bf6 38. Qxf6+ Kg8 39. Qxf7+ Kh8 40. Qxe8+
Kg7 41. Qf8# 1-0

[Event "SZCZYRK OPEN - TURNIEJ Z OKAZJI SWIETA NIEPODLEGLOSCI - BLITZ 3'+2'' "]
[Site "Szczyrk"]
[Date "2018-11-11"]
[Round "2.14"]
[White "Kot, Ewelina "]
[Black "Dziodzio, Angelika "]
[Result "0-1"]
[WhiteTitle ""]
[BlackTitle ""]
[WhiteElo "1163"]
[BlackElo "2018"]

1. d4 Nf6 2. Nf3 c5 3. dxc5 Na6 4. Bg5 Nxc5 5. Bxf6 gxf6 6. e3 a6 7. Nbd2 d5 8.
Bd3 e5 9. Be2 Be6 10. O-O Rg8 11. Re1 Qd7 12. Nf1 Ne4 13. Bd3 Nd6 14. Ng3 e4 15.
Bxe4 dxe4 16. Nd4 Bg4 17. Qd2 h5 18. h3 h4 19. Nde2 Bxe2 20. Nxe2 Qxh3 21. Nf4
Qf5 22. Qe2 Be7 23. Rad1 Rc8 24. c3 Qg4 25. Qxg4 Rxg4 26. Rd2 Nc4 27. Rc2 Ne5
28. Kf1 Rd8 29. Ke2 Nd3 30. Rd1 Nxf4+ 31. exf4 Rxd1 32. Kxd1 Rxg2 33. Re2 f5 34.
Kd2 Bc5 35. Kd1 Rxf2 36. Rxf2 Bxf2 0-1

[Event "SZCZYRK OPEN - TURNIEJ Z OKAZJI SWIETA NIEPODLEGLOSCI - BLITZ 3'+2'' "]
[Site "Szczyrk"]
[Date "2018-11-11"]
[Round "2.15"]
[White "Michalski, Karol "]
[Black "Labedz, Dawid"]
[Result "1-0"]
[WhiteTitle ""]
[BlackTitle ""]
[WhiteElo "2006"]
[BlackElo "1395"]

1. d4 d5 2. c4 e6 3. Nc3 c6 4. e4 dxe4 5. Nxe4 Nd7 6. Nf3 Ngf6 7. Nc3 Nb6 8. Be2
g6 9. b3 Bg7 10. Ba3 Bd7 11. Qd2 Qc7 12. Ne5 Bf8 13. Bxf8 Rxf8 14. Qg5 Qd8 15.
Rd1 Ng8 16. Qg3 Qe7 17. c5 Nd5 18. Ne4 f5 19. Nd6+ Kd8 20. f4 Kc7 21. h4 Ngf6
22. Bf3 Ne8 23. Ndc4 b5 24. cxb6+ axb6 25. Nxd7 Qxd7 26. Ne5 Qd6 27. Bxd5 exd5
28. Rc1 Qb4+ 29. Qc3 Qxc3+ 30. Rxc3 Rxa2 31. O-O Rf6 32. Rfc1 Rd2 33. Nxc6 Kb7
34. b4 Ng7 35. b5 Ne6 36. Ra1 Nxf4 37. Ra7+ Kc8 38. Ra8+ Kd7 39. Ne5+ Ke7 40.
Rc7+ Ke6 41. Re8+ Kd6 42. Rd7# 1-0

[Event "SZCZYRK OPEN - TURNIEJ Z OKAZJI SWIETA NIEPODLEGLOSCI - BLITZ 3'+2'' "]
[Site "Szczyrk"]
[Date "2018-11-11"]
[Round "2.16"]
[White "Smolen, Sebastian"]
[Black "Szydlowska-duda, Marta "]
[Result "0-1"]
[WhiteTitle ""]
[BlackTitle ""]
[WhiteElo "1411"]
[BlackElo "1986"]

1. e4 d5 2. exd5 Qxd5 3. Nc3 Qa5 4. d4 Nf6 5. Bd3 Bg4 6. f3 Bh5 7. Bd2 c6 8. Nge2
Qb6 9. Na4 Qc7 10. Nc5 e6 11. Ne4 Nxe4 12. fxe4 Bd6 13. e5 Be7 14. Nf4 Bxd1 15.
Rxd1 Nd7 16. O-O O-O-O 17. Ne2 Qb6 18. Rxf7 Rde8 19. Rxg7 Nxe5 20. Bc3 Nxd3 21.
Rxd3 e5 22. Re3 Bf6 23. Rf7 Rhf8 24. Rxf8 Rxf8 25. Ng3 exd4 0-1

[Event "SZCZYRK OPEN - TURNIEJ Z OKAZJI SWIETA NIEPODLEGLOSCI - BLITZ 3'+2'' "]
[Site "Szczyrk"]
[Date "2018-11-11"]
[Round "2.17"]
[White "Krol, Rafal"]
[Black "Drozdzal, Michal "]
[Result "1/2-1/2"]
[WhiteTitle ""]
[BlackTitle ""]
[WhiteElo "1926"]
[BlackElo "1375"]

1. Nf3 c5 2. c4 Nf6 3. Nc3 Nc6 4. g3 g6 5. Bg2 Bg7 6. O-O O-O 7. d4 cxd4 8. Nxd4
Nxd4 9. Qxd4 d6 10. e4 Rb8 11. Qxa7 Be6 12. Nd5 Qd7 13. Bg5 Bh3 14. Bxf6 exf6
15. Rfd1 Bxg2 16. Kxg2 f5 17. exf5 Bxb2 18. Rab1 Bg7 19. f6 Bh6 20. Qd4 Rfe8 21.
Qh4 Bf8 22. Re1 Qf5 23. Rbd1 h5 24. h3 Ra8 25. Rxe8 Rxe8 26. Qf4 Qc2 27. Rd2 Qb1
28. Ne3 Ra8 29. g4 Rxa2 30. Rxa2 Qxa2 31. gxh5 gxh5 32. Qg5+ Kh8 33. Qxh5+ Kg8
34. Qg5+ Kh8 35. Nf5 Qxc4 36. Nh6 Qe4+ 37. Kh2 Qe5+ 38. Qxe5 dxe5 39. Nxf7+ Kg8
40. Nxe5 Bd6 41. f4 b5 42. Nd3 b4 43. Kg3 Kf7 44. Kg4 Kxf6 45. h4 Bf8 46. h5 Ke6
47. f5+ Kd5 48. Nxb4+ Bxb4 49. Kg5 Ke5 50. Kg6 Bf8 51. f6 Ke6 52. f7 Ke7 53. h6
Bxh6 54. Kxh6 Kxf7 1/2-1/2

[Event "SZCZYRK OPEN - TURNIEJ Z OKAZJI SWIETA NIEPODLEGLOSCI - BLITZ 3'+2'' "]
[Site "Szczyrk"]
[Date "2018-11-11"]
[Round "2.18"]
[White "Wiszniewski, Szymon"]
[Black "Para, Tomasz "]
[Result "1-0"]
[WhiteTitle ""]
[BlackTitle ""]
[WhiteElo "1395"]
[BlackElo "1896"]

1. e4 c5 2. Nf3 d6 3. d4 cxd4 4. Nxd4 Nf6 5. Nc3 a6 6. Be3 e5 7. Nb3 Be6 8. f3
Be7 9. Qd2 Nbd7 10. O-O-O O-O 11. g4 b5 12. g5 b4 13. Na4 Ne8 14. h4 a5 15. h5
f5 16. g6 f4 17. h6 fxe3 18. gxh7+ Kh8 19. hxg7+ Nxg7 20. Qg2 Rc8 21. Ba6 Rc6
22. Rdg1 Rf7 23. Bb5 Rc7 24. Qg6 Bxb3 25. axb3 Qf8 26. Bc4 Rf6 27. Qxg7+ 1-0

[Event "SZCZYRK OPEN - TURNIEJ Z OKAZJI SWIETA NIEPODLEGLOSCI - BLITZ 3'+2'' "]
[Site "Szczyrk"]
[Date "2018-11-11"]
[Round "2.19"]
[White "Marczak, Szymon"]
[Black "Dalkowski, Rafal "]
[Result "1-0"]
[WhiteTitle ""]
[BlackTitle ""]
[WhiteElo "1880"]
[BlackElo "1362"]

1. b3 Nf6 2. Bb2 g6 3. Nf3 Bg7 4. g3 d6 5. d4 O-O 6. Bg2 c5 7. c4 Nbd7 8. O-O Rb8
9. a4 cxd4 10. Bxd4 b6 11. Qc2 Bb7 12. Nbd2 Nc5 13. Rfe1 Qc7 14. e4 Rbd8 15. b4
Ncd7 16. Rac1 Ne5 17. Bxe5 dxe5 18. Qc3 Ne8 19. Nb3 Nd6 20. Nfd2 Nc8 21. Red1
f5 22. c5 f4 23. cxb6 Qxb6 24. Nc4 Qf6 25. f3 Nd6 26. Nc5 Nxc4 27. Qxc4+ Kh8 28.
Nxb7 Rc8 29. Qxc8 Rxc8 30. Rxc8+ Bf8 31. Rdd8 Kg7 32. Rxf8 Qb6+ 33. Nc5 Qxb4 34.
gxf4 Qe1+ 35. Bf1 Qe3+ 36. Kg2 exf4 37. Ne6+ Kh6 38. Nxf4 Qd2+ 39. Be2 Qd6 40.
Rcd8 Qb4 41. Rf7 e5 42. Nd3 Qd2 43. Kf2 Qg5 44. Rdd7 Qh4+ 45. Kf1 Qh3+ 46. Ke1
Qe6 47. Rxh7+ Kg5 48. h4+ Kf6 49. Rdf7+ 1-0

[Event "SZCZYRK OPEN - TURNIEJ Z OKAZJI SWIETA NIEPODLEGLOSCI - BLITZ 3'+2'' "]
[Site "Szczyrk"]
[Date "2018-11-11"]
[Round "2.20"]
[White "Jaworski, Tymon"]
[Black "Kaminski, Maciej "]
[Result "0-1"]
[WhiteTitle ""]
[BlackTitle ""]
[WhiteElo "1372"]
[BlackElo "1876"]

1. e4 Nf6 2. Nc3 d5 3. exd5 Nxd5 4. Nxd5 Qxd5 5. d4 Nc6 6. c3 e5 7. dxe5 Qxe5+
8. Qe2 Bf5 9. Qxe5+ Nxe5 10. Bf4 Bd6 11. Bxe5 Bxe5 12. Nf3 Bf6 13. O-O-O O-O 14.
Bd3 Be6 15. Kb1 Rad8 16. Bc2 c6 17. Rhe1 a5 18. h3 b5 19. Bb3 Bf5+ 20. Bc2 Bxc2+
21. Kxc2 b4 22. Rxd8 Rxd8 23. Nd2 bxc3 24. bxc3 Kf8 25. Nc4 Rd5 26. Nb6 Rd8 27.
Nc4 Ra8 28. Re2 a4 29. Nb6 Ra7 30. Nc4 Be7 31. Ne5 Ra6 32. Nc4 Ra7 33. Ne5 Rc7
34. Nc4 Bc5 35. Kd3 Rd7+ 36. Kc2 g6 37. Nd2 Be7 38. Nc4 Bf6 39. Nd2 Rb7 40. Nc4
Kg7 41. Nd2 a3 42. Nc4 Ra7 43. Kb3 h5 44. Nxa3 Bxc3 45. Kxc3 Rxa3+ 46. Kc4 Ra5
47. Kb4 Rb5+ 48. Kc4 Kf6 49. Kd4 Ra5 50. Rc2 Rd5+ 51. Ke3 c5 52. a4 Ke6 53. a5
Kd6 54. a6 Re5+ 55. Kf4 Re7 56. Rd2+ Kc6 57. Kg5 Ra7 58. Kf6 Kb5 59. Rc2 c4 60.
g4 hxg4 61. hxg4 Rxa6+ 62. Kxf7 Kb4 63. f4 Kb3 64. Rc1 c3 65. f5 g5 66. f6 Ra4
67. Kg6 Rxg4 68. f7 Rf4 69. Kxg5 Rxf7 70. Kg4 c2 71. Re1 Kb2 72. Re2 Kb1 0-1

[Event "SZCZYRK OPEN - TURNIEJ Z OKAZJI SWIETA NIEPODLEGLOSCI - BLITZ 3'+2'' "]
[Site "Szczyrk"]
[Date "2018-11-11"]
[Round "2.21"]
[White "Ulrych, Wojciech "]
[Black "Laszczuk, Zuzanna"]
[Result "1-0"]
[WhiteTitle ""]
[BlackTitle ""]
[WhiteElo "1867"]
[BlackElo "1332"]

1. e4 e5 2. Nf3 Nc6 3. Bc4 Bc5 4. d4 exd4 5. c3 dxc3 6. Bxf7+ Kxf7 7. Qd5+ Ke8
8. Qxc5 Nf6 9. Nxc3 d6 10. Qe3 Be6 11. O-O Qd7 12. Ng5 Ne5 13. Nxe6 Qxe6 14. Nd5
Nxd5 15. exd5 Qe7 16. Re1 Kd7 17. f4 Ng6 18. Qh3+ Kd8 19. Rxe7 Kxe7 20. f5 Ne5
21. Bg5+ Kf7 22. f6 gxf6 23. Qe6+ Kf8 24. Qxf6+ Kg8 25. Bh6 Rf8 26. Qg7# 1-0

[Event "SZCZYRK OPEN - TURNIEJ Z OKAZJI SWIETA NIEPODLEGLOSCI - BLITZ 3'+2'' "]
[Site "Szczyrk"]
[Date "2018-11-11"]
[Round "2.22"]
[White "Wydmanski, Robert"]
[Black "Foltyn, Lukasz "]
[Result "0-1"]
[WhiteTitle ""]
[BlackTitle ""]
[WhiteElo "1345"]
[BlackElo "1854"]

1. e4 c5 2. Nf3 e6 3. d4 cxd4 4. Nxd4 a6 5. Bd3 Qc7 6. O-O b5 7. a3 Bb7 8. Nc3
Nf6 9. Re1 d6 10. Bg5 Nbd7 11. Qf3 Ne5 12. Qh3 Be7 13. Bxf6 Bxf6 14. f4 Nxd3 15.
cxd3 Bxd4+ 16. Kh1 O-O 17. Rac1 Bxc3 18. Rxc3 Qe7 19. Rec1 Rac8 20. Qe3 Rxc3 21.
Rxc3 Rc8 22. Qa7 Rxc3 23. bxc3 h6 24. h3 Kh7 25. g4 g5 26. f5 exf5 27. gxf5 Qd7
28. Kg2 Bc8 29. Qd4 Qe7 30. Qb6 Kg7 31. Kf3 h5 32. Qd4+ Qe5 33. Qe3 f6 34. c4
h4 35. d4 Qg3+ 36. Ke2 Qxe3+ 37. Kxe3 Kf7 38. cxb5 axb5 39. Kd3 Bb7 40. d5 Ke7
41. Kd4 Kd7 42. Kc3 Kc7 43. Kb4 Kb6 44. a4 bxa4 45. Kxa4 Ba6 46. Kb4 Bd3 47. e5
dxe5 48. d6 Kc6 0-1

[Event "SZCZYRK OPEN - TURNIEJ Z OKAZJI SWIETA NIEPODLEGLOSCI - BLITZ 3'+2'' "]
[Site "Szczyrk"]
[Date "2018-11-11"]
[Round "2.23"]
[White "Lesniak, Grzegorz"]
[Black "Kazmierowski, Tymon"]
[Result "0-1"]
[WhiteTitle ""]
[BlackTitle ""]
[WhiteElo "1849"]
[BlackElo "1306"]

1. e4 e5 2. f4 d6 3. Nf3 Nc6 4. c3 Bg4 5. Bb5 Nf6 6. d4 exd4 7. cxd4 d5 8. e5 Ne4
9. O-O Be7 10. Nc3 Nxc3 11. bxc3 O-O 12. Qc2 a6 13. Bd3 h6 14. f5 b5 15. f6 b4
16. fxe7 Qxe7 17. Bd2 bxc3 18. Qxc3 Nd8 19. Rac1 Ne6 20. Rb1 c5 21. Qa1 c4 22.
Bb4 Qc7 23. Bxf8 Rxf8 24. Bc2 Qa7 25. Qb2 Bxf3 26. Rxf3 Nxd4 27. Qb6 Qxb6 28.
Rxb6 Nxc2 29. Rxa6 d4 30. Ra4 c3 31. Kf1 Rb8 32. Ke2 Rb2 33. Kd3 Ne1+ 34. Kxd4
Nxf3+ 35. gxf3 c2 36. Rc4 Rb4 37. Rxb4 c1=Q 38. Rc4 Qd2+ 39. Kc5 Qxa2 40. Kd4
0-1

[Event "SZCZYRK OPEN - TURNIEJ Z OKAZJI SWIETA NIEPODLEGLOSCI - BLITZ 3'+2'' "]
[Site "Szczyrk"]
[Date "2018-11-11"]
[Round "2.24"]
[White "Turowski, Maciej "]
[Black "Drozniak, Stanislaw"]
[Result "0-1"]
[WhiteTitle ""]
[BlackTitle ""]
[WhiteElo "1322"]
[BlackElo "1799"]

1. d4 f5 2. Qd3 g6 3. e4 d6 4. Nf3 Nc6 5. Bd2 fxe4 6. Qxe4 Bf5 7. Qh4 Bg7 8. Bb5
a6 9. Bxc6+ bxc6 10. Na3 Rb8 11. O-O-O c5 12. Bg5 Qd7 13. Rhe1 e6 14. Nc4 Qa4
15. d5 Qxc2# 0-1

[Event "SZCZYRK OPEN - TURNIEJ Z OKAZJI SWIETA NIEPODLEGLOSCI - BLITZ 3'+2'' "]
[Site "Szczyrk"]
[Date "2018-11-11"]
[Round "2.25"]
[White "Jagodzinski, Mariusz "]
[Black "Guzik, Michal"]
[Result "1-0"]
[WhiteTitle ""]
[BlackTitle ""]
[WhiteElo "1797"]
[BlackElo "1304"]

1. Nf3 d5 2. b3 c5 3. Bb2 Nc6 4. e3 Nf6 5. Bb5 e6 6. Ne5 Bd7 7. Bxc6 Bxc6 8. f4
Bd6 9. O-O Bxe5 10. fxe5 Nd7 11. Qh5 O-O 12. d3 h6 13. Nd2 Qg5 14. Qxg5 hxg5 15.
d4 cxd4 16. exd4 Rac8 17. Ba3 Rfe8 18. c4 dxc4 19. Nxc4 Rc7 20. Nd6 Rf8 21. Rac1
Nb6 22. Nb5 Bxb5 23. Rxc7 Bxf1 24. Kxf1 Rd8 25. Bc5 Rb8 26. Ke2 a6 27. Bxb6 1-0

[Event "SZCZYRK OPEN - TURNIEJ Z OKAZJI SWIETA NIEPODLEGLOSCI - BLITZ 3'+2'' "]
[Site "Szczyrk"]
[Date "2018-11-11"]
[Round "2.26"]
[White "Ignatowski, Nikodem"]
[Black "Namyslak, Piotr"]
[Result "0-1"]
[WhiteTitle ""]
[BlackTitle ""]
[WhiteElo "1316"]
[BlackElo "1794"]

1. c4 e5 2. Nc3 Nf6 3. g3 c6 4. Bg2 d5 5. cxd5 cxd5 6. e3 Nc6 7. Nge2 Be6 8. d4
e4 9. O-O Bd6 10. b3 h5 11. Bb2 h4 12. Rc1 hxg3 13. fxg3 Ng4 14. Qd2 Nxh2 15.
Nf4 Nxf1 16. Rxf1 Bxf4 17. Rxf4 Qg5 18. Qf2 Nb4 19. Bf1 Qh5 20. Rh4 Qxh4 21. gxh4
Rh6 22. Bb5+ Kd8 23. Ne2 a6 24. a3 axb5 25. axb4 Rf6 26. Nf4 Ra2 27. Qc2 Rh6 28.
h5 Kd7 29. Qc3 Ra8 30. Bc1 Rc8 31. Qb2 Kd6 32. Bd2 Bg4 33. Be1 Bf3 34. Bg3 g5
35. Ng6+ Kd7 36. Ne5+ Ke8 37. Kf2 Bxh5 38. Kg2 f6 39. Ng4 Bxg4 40. Qf2 Bf3+ 41.
Qxf3 exf3+ 42. Kxf3 Rc3 43. Kg4 Rxb3 44. Kf5 Rxe3 45. Bd6 Rf3+ 46. Ke6 f5+ 47.
Kxd5 Rxd6+ 48. Kxd6 g4 0-1

[Event "SZCZYRK OPEN - TURNIEJ Z OKAZJI SWIETA NIEPODLEGLOSCI - BLITZ 3'+2'' "]
[Site "Szczyrk"]
[Date "2018-11-11"]
[Round "2.27"]
[White "Galuszka, Tomasz "]
[Black "Michno, Mateusz"]
[Result "1-0"]
[WhiteTitle ""]
[BlackTitle ""]
[WhiteElo "1787"]
[BlackElo "1163"]

1. e4 c5 2. Nf3 e6 3. d3 Nc6 4. Nbd2 Qc7 5. g3 Nf6 6. Bg2 Be7 7. O-O b6 8. a4 Bb7
9. Re1 O-O 10. c3 Rad8 11. Qe2 d5 12. e5 Nd7 13. Nf1 h6 14. h4 f6 15. exf6 Rxf6
16. N1h2 d4 17. cxd4 Nxd4 18. Nxd4 cxd4 19. Bxb7 Qxb7 20. Ng4 Rg6 21. h5 Rxg4
22. Qxg4 e5 23. Bxh6 Bf6 24. Bxg7 Bxg7 25. h6 Nf6 26. Qxg7+ Qxg7 27. hxg7 Kxg7
28. Rxe5 Kg6 29. Rc1 Rd7 30. Kg2 Ng4 31. Rc6+ Kf7 32. Re4 Nf6 33. Rf4 Ke7 34.
Rfxf6 Rd5 35. f4 Ra5 36. b3 Rd5 37. Kf3 b5 38. Ke4 Rh5 39. Rh6 Rxh6 40. Rxh6 bxa4
41. bxa4 a5 42. Kf5 Kd7 43. g4 Kc7 44. Ke5 Kb7 45. Kd5 Ka7 46. Kc5 Kb8 47. Rh7
Kc8 48. Kd6 Kb8 49. Kc6 Ka8 50. Kb6 Kb8 51. Rh8# 1-0

[Event "SZCZYRK OPEN - TURNIEJ Z OKAZJI SWIETA NIEPODLEGLOSCI - BLITZ 3'+2'' "]
[Site "Szczyrk"]
[Date "2018-11-11"]
[Round "2.28"]
[White "Wolski, Michal "]
[Black "Dytman, Radoslaw "]
[Result "0-1"]
[WhiteTitle ""]
[BlackTitle ""]
[WhiteElo "1311"]
[BlackElo "1786"]

1. e4 c5 2. Nf3 Nc6 3. d4 cxd4 4. Nxd4 g6 5. c4 Bg7 6. Be3 Nf6 7. Nc3 O-O 8. Be2
d6 9. O-O Bd7 10. Qd2 Nxd4 11. Bxd4 Bc6 12. Bf3 Nd7 13. Bxg7 Kxg7 14. Qd4+ f6
15. Ne2 a5 16. Qc3 Rc8 17. Nd4 Nc5 18. Nxc6 bxc6 19. Rad1 Rb8 20. b3 Qb6 21. Rb1
Qb4 22. Qxb4 Rxb4 23. Rfd1 Rfb8 24. Rbc1 a4 25. bxa4 Rxa4 26. e5 fxe5 27. Bxc6
Rxa2 28. Rb1 Rxb1 29. Rxb1 Rc2 30. Bb5 Ne4 31. Rf1 Nd2 32. Re1 Nxc4 33. Bxc4 Rxc4
34. Rb1 Kf6 35. g3 h5 36. f3 Rc2 37. Rf1 d5 38. f4 e4 39. Re1 e5 40. fxe5+ Kxe5
41. h3 d4 42. g4 hxg4 43. hxg4 e3 44. Kf1 Ke4 45. Re2 Rxe2 46. Kxe2 d3+ 47. Ke1
d2+ 48. Ke2 Kf4 49. g5 Kxg5 50. Kd1 Kf4 51. Ke2 d1=Q+ 52. Kxd1 Kf3 53. Ke1 e2
54. Kd2 Kf2 55. Kd3 e1=Q 56. Kd4 Qe2 57. Kc5 Qd3 58. Kb6 Qc4 59. Ka7 Qb4 60. Ka6
Ke3 61. Ka7 Kd4 0-1

[Event "SZCZYRK OPEN - TURNIEJ Z OKAZJI SWIETA NIEPODLEGLOSCI - BLITZ 3'+2'' "]
[Site "Szczyrk"]
[Date "2018-11-11"]
[Round "2.29"]
[White "Temel, Jan "]
[Black "Filipek, Justyna "]
[Result "1-0"]
[WhiteTitle ""]
[BlackTitle ""]
[WhiteElo "1762"]
[BlackElo "1160"]

1. c4 e5 2. Nc3 Nf6 3. g3 Nc6 4. Bg2 Bb4 5. Nf3 d6 6. e3 Be6 7. b3 Bxc3 8. dxc3
Ne4 9. Qc2 Nf6 10. Ba3 h6 11. h4 a6 12. O-O-O Qd7 13. c5 d5 14. c4 O-O-O 15. cxd5
Bxd5 16. Ne1 Qe6 17. f3 e4 18. Bh3 Ng4 19. fxg4 Kb8 20. g5 Qe5 21. Rg1 hxg5 22.
Bb2 Qe7 23. Bxg7 Rhg8 24. Bh6 gxh4 25. Bf4 hxg3 26. Bxg3 Rg6 27. Bf5 Rgg8 28.
Qc3 f6 29. Bf2 Rxg1 30. Bxg1 Ne5 31. Bh2 Nf3 32. Nxf3 exf3 33. e4 Bc6 34. Rxd8+
Qxd8 35. Qd2 Qe7 36. b4 Qf7 37. Qf4 Qc4+ 38. Kd2 Qxa2+ 39. Kc3 Qa3+ 40. Kd2 Qa2+
41. Ke3 Qb3+ 42. Kf2 Qc2+ 43. Kxf3 Qd1+ 44. Kg3 Qe1+ 45. Kh3 Qc3+ 46. Kh4 Qe1+
47. Kh5 Be8+ 48. Kh6 Qxb4 49. Qxc7+ Ka7 50. c6 Qd2+ 51. Kg7 Qg5+ 52. Kf8 Qh6+
53. Kxe8 Qh8+ 54. Ke7 Qg7+ 55. Kd6 Qf8+ 56. Kd5 Qg8+ 57. Kc5 Qf8+ 58. Kc4 Qg8+
59. Kc3 Qf8 60. Qxb7# 1-0

[Event "SZCZYRK OPEN - TURNIEJ Z OKAZJI SWIETA NIEPODLEGLOSCI - BLITZ 3'+2'' "]
[Site "Szczyrk"]
[Date "2018-11-11"]
[Round "2.30"]
[White "Gromek, Pawel"]
[Black "Demski, Michal "]
[Result "0-1"]
[WhiteTitle ""]
[BlackTitle ""]
[WhiteElo "1300"]
[BlackElo "1762"]

1. e4 e5 2. Nf3 Nc6 3. d4 exd4 4. Nxd4 Bc5 5. Be3 Qf6 6. c3 Nge7 7. Bc4 O-O 8.
O-O b6 9. Nxc6 Qxc6 10. Bxc5 Qxc5 11. Bb3 Bb7 12. Nd2 d5 13. exd5 Nxd5 14. Qf3
Rab8 15. Qg4 Nf6 16. Qc4 Qd6 17. Rad1 Qe5 18. Qh4 Rbd8 19. Rfe1 Qf5 20. Nc4 Qg6
21. Qg3 Qxg3 22. hxg3 Rxd1 23. Rxd1 Re8 24. Kf1 Ba6 25. Kg1 h6 26. Ne3 c5 27.
Nd5 Nxd5 28. Rxd5 Bb5 29. a4 Bc6 30. Rd6 Rc8 31. Kf1 Kf8 32. Bd5 Bxa4 33. b3 Bb5+
34. c4 Be8 35. Ke2 Ke7 36. Bb7 Rc7 37. Rd3 Rxb7 38. Re3+ Kf8 39. f4 Bd7 40. g4
a6 41. Kf3 b5 42. cxb5 axb5 43. Ke2 c4 44. bxc4 bxc4 45. Rc3 Be6 46. Kf3 Rb3 47.
Rxb3 cxb3 48. g5 b2 49. gxh6 gxh6 0-1

[Event "SZCZYRK OPEN - TURNIEJ Z OKAZJI SWIETA NIEPODLEGLOSCI - BLITZ 3'+2'' "]
[Site "Szczyrk"]
[Date "2018-11-11"]
[Round "2.31"]
[White "Fic, Wieslaw "]
[Black "Krasniewski, Szymon"]
[Result "0-1"]
[WhiteTitle ""]
[BlackTitle ""]
[WhiteElo "1759"]
[BlackElo "1293"]

1. e4 c5 2. Nf3 g6 3. d4 cxd4 4. Nxd4 Bg7 5. Nc3 Nc6 6. Nde2 d6 7. g3 Nf6 8. Bg2
O-O 9. h3 Bd7 10. O-O Rc8 11. Be3 Ne5 12. b3 Bc6 13. Rc1 Ned7 14. Nd5 Bxd5 15.
exd5 Nc5 16. c4 b6 17. Nd4 Qc7 18. Qe2 Ncd7 19. Rfe1 Ne5 20. f4 Ned7 21. Bf2 Rfe8
22. g4 Kh8 23. Bf3 Nb8 24. Rcd1 Nfd7 25. Nc6 Nxc6 26. dxc6 Nc5 27. Bxc5 bxc5 28.
Rb1 a5 29. a3 e6 30. b4 axb4 31. axb4 Bc3 32. bxc5 Bxe1 33. cxd6 Qxd6 34. Rxe1
Qd4+ 35. Qe3 Red8 36. Kf2 Qb2+ 37. Re2 Qb4 38. Qe5+ Kg8 39. c5 Rd4 40. f5 exf5
41. gxf5 Rdd8 42. f6 Qd4+ 43. Qxd4 Rxd4 44. Re7 Rc4 45. Bd5 Rxc5 46. Bxf7+ Kf8
47. Be8 Rxe8 48. Rxh7 Rxc6 49. Kg3 Rxf6 50. Rh6 Kg7 0-1

[Event "SZCZYRK OPEN - TURNIEJ Z OKAZJI SWIETA NIEPODLEGLOSCI - BLITZ 3'+2'' "]
[Site "Szczyrk"]
[Date "2018-11-11"]
[Round "2.32"]
[White "Zablocka, Marta"]
[Black "Hasinski, Krystian "]
[Result "0-1"]
[WhiteTitle ""]
[BlackTitle ""]
[WhiteElo "1153"]
[BlackElo "1742"]

1. e4 c6 2. d4 d5 3. e5 Bf5 4. Nf3 e6 5. c3 c5 6. Bb5+ Nc6 7. O-O Qb6 8. Bxc6+
bxc6 9. Nbd2 Bg4 10. h3 Bh5 11. dxc5 Bxc5 12. Nb3 Be7 13. Qd3 Bg6 14. Qe3 Nh6
15. Nfd4 Nf5 16. Nxf5 Bxf5 17. Qg3 O-O 18. Bh6 Bg6 19. Be3 c5 20. f4 f6 21. Kh1
fxe5 22. fxe5 Qc7 23. Nd2 Rab8 24. Rxf8+ Rxf8 25. Rf1 Rxf1+ 26. Nxf1 Bb1 27. a3
Bf5 28. Bh6 Bd8 29. Ne3 Bg6 30. Bf4 Qf7 31. Ng4 Qf5 32. Be3 Be7 33. Qe1 Bh5 34.
Nf2 Bg6 35. Kh2 Qxe5+ 36. Kg1 Bg5 37. Nd3 Qxe3+ 38. Qxe3 Bxe3+ 39. Kh2 Bxd3 40.
Kg3 Bc1 41. b3 Bxa3 42. Kf3 e5 43. Ke3 Bf5 44. g4 Be6 45. Kd3 Kf7 46. Kc2 Kg6
47. Kb1 Kg5 48. Ka2 Bc1 49. Kb1 Bf4 50. Kc2 Kh4 51. b4 c4 52. b5 Bd7 53. Kb2 Bxb5
54. Ka3 Kxh3 55. Kb4 a6 56. Kc5 Bd2 57. Kxd5 Bxc3 58. Kc5 Kxg4 59. Kd5 Kf3 60.
Kc5 e4 61. Kd5 e3 62. Kc5 e2 63. Kd5 e1=Q 64. Kc5 a5 65. Kd5 Bc6+ 66. Kc5 Bb4+
67. Kxc6 Bc5 68. Kxc5 c3 69. Kb5 c2 70. Kxa5 0-1